| 000 | 00718nam a2200205Ia 4500 | ||
|---|---|---|---|
| 001 | 15345 | ||
| 003 | GE_BSU | ||
| 008 | 181216s||||||||xx |||||||||||||| ||und|| | ||
| 040 | _cGE_BSU | ||
| 080 | _a821.353.1-32 | ||
| 100 | _aყიფიანი, ე. | ||
| 245 | _aგოგონა, რომელსაც ზღვა არ უნახავს | ||
| 260 | _aთბილისი | ||
| 260 | _bსაბჭოთა საქართველო | ||
| 260 | _c1960 | ||
| 300 | _a145გვ. 20 სმ.ილ. | ||
| 653 | _aგოგონა, რომელსაც ზღვა არ უნახავს | ||
| 653 | _aმოთხრობები და ეტიუდები | ||
| 942 | _cBK | ||
| 999 |
_c48452 _d48452 |
||